Normal view
MARC view
- Galapon-Vilar, Joanabelle V.
Entry Personal Name
001 - CONTROL NUMBER
- control field: 60918
003 - CONTROL NUMBER IDENTIFIER
- control field: OSt
005 - DATE AND TIME OF LATEST TRANSACTION
- control field: 20240913080756.0
008 - FIXED-LENGTH DATA ELEMENTS
- fixed length control field: 240913|| aca||aabn | a|a d
040 ## - CATALOGING SOURCE
- Original cataloging agency: OSt
- Transcribing agency: OSt
100 ## - HEADING--PERSONAL NAME
- Personal name: Galapon-Vilar, Joanabelle V.
- Relator term: author.
670 ## - SOURCE DATA FOUND
- Source citation: Work cat.: (OSt): Galapon-Vilar, Joanabelle V. author., You be the judge (learners with special needs) /, February 2020.
